| 000 | 00634nam a2200169 a 4500 | ||
|---|---|---|---|
| 001 | 000031534 | ||
| 005 | 20240715103629.0 | ||
| 008 | 110627s20uu dr ac 000 0 spa d | ||
| 040 |
_aDO-SdBNP _bspa _cBNPHU |
||
| 110 | 2 |
_aCentro Cultural Eduardo León Jimenes _956909 |
|
| 245 | 1 | 0 |
_aGuía general para docentes : exposiciones permanentes / _ctexto Lorelay Carrión, Germania Luperón. |
| 260 |
_a[Santiago de los Caballeros, República Dominicana : _bCentro León, _c[200?] _fAmigo del Hogar |
||
| 300 |
_a27 p. : _bil., retrs. ; _c27 cm. |
||
| 700 | 1 |
_aCarrión, Lorelay _957899 |
|
| 700 | 1 |
_aLuperón, Germania _957900 |
|
| 049 | _aBNPD | ||
| 999 |
_c31026 _d31026 |
||